Investigating social world

Saved in:
Bibliographic Details
Format: Book
Published: 2009
Edition:6th ed
Tags: Add Tag
No Tags, Be the first to tag this record!
Call Number :

MARC

LEADER 00000pam a2200000 4500
001 28022
003 MY-KLNDU
005 20241218082439.0
020 0 0 |a 9781412969406 
035 |a 0000039232 
039 9 |a 200912221218  |b staff  |c 200911181256  |d VLOAD  |y 200910091804  |z VLOAD 
245 0 0 |a Investigating social world 
250 0 0 |a 6th ed 
260 0 0 |a 2009 
591 |a 0000009885  |b 26/05/09  |c 0200-07  |d 1  |e RM167.95  |f 1  |g 167.95  |h Bookfinder Sdn. Bhd. 
999 |a vtls000037413  |c 28022  |d 28022